01329cam a22003011 4500001001300000003000400013005001700017008004100034010002300075040002900098043001200127050001700139051003400156100004600190245013800236260004300374300001800417490007400435500005000509500008400559650003600643650005600679650004100735700009600776830007200872810006600944999001701010gs 53000297 DLC20260227111400.0780519s1953 azu b 00010 eng c ags 53000297 //r894 aU.S. Geol. Survey. Libr. an-us-az0 aZ6034.U5bA7 aTN24.A6bA35 no. 161cCopy 2.10aAnthony, John W.q(John Williams),d1920-00aBibliography of the geology and mineral resources of Arizona, 1939-1952,cby John W. Anthony, Eldred D. Wilson, and Richard T. Moore.0 aTucson,bUniversity of Arizona,c1953. a62 p.c23 cm.1 aArizona. Bureau of Mines. Bulletin no. 161. Geological series, no. 20 aUniversity of Arizona bulletin, v. 24, no. 1. a"Supplementing Arizona Bureau of Mines Bulletin no. 146 ... published in 1939." 0aGeologyzArizonaxBibliography. 0aMines and mineral resourceszArizonaxBibliography. 0aPaleontologyzArizonaxBibliography.11aWilson, Eldred Dewey,d1898-tBibliography of the geology and mineral resources of Arizona. 0aBulletin (University of Arizona. State Bureau of Mines) ;vno. 161.1 aArizona.bState Bureau of Mines.tGeological series,vno. 20. c28790d28790